MARC

LEADER 00000nas a2200000 a 4500
001 ssj0015755
003 WaSeSS
005 20200512172242.0
006 m d
007 cr n
008 000912d20002009vaumx p s 0 a0eng c
010 |a  00260156  
022 |l 1538-9251  |y 1538-9251 
032 |a 012809  |b USPS 
035 |a (WaSeSS)ssj0015755 
040 |a MFS  |b eng  |c MFS  |d ICY  |d ORU  |d IUL  |d NYG  |d IUL  |d NSD  |d DLC  |d WAU  |d NSD  |d CRU  |d GUA  |d NYG  |d WAU  |d OCLCQ  |d IUL  |d CNMBL  |d OCLCF  |d OCLCO  |d GILDS  |d WaSeSS 
042 |a pcc  |a nsdp 
043 |a n-us--- 
050 0 0 |a LB2831.92  |b .P742 
050 1 4 |a LA201  |b .H462 
082 1 0 |a 373  |2 13 
130 0 |a Principal leadership (High school ed.) 
210 0 |a Princ. leadersh.  |b (High sch. ed.) 
222 0 |a Principal leadership  |b (High school ed.) 
245 1 0 |a Principal leadership  |h [electronic resource]. 
250 |a High school ed. 
260 |a Reston, Va. :  |b National Association of Secondary School Principals,  |c c2000-c2009. 
310 |a Nine no. a year 
362 0 |a Vol. 1, no. 1 (Sept. 2000)-v. 9, no. 10 (June 2009). 
500 |a Title from cover. 
506 |a License restrictions may limit access. 
515 |a Issue vol. 9, no. 10 (June 2009) called Special issue. 
580 |a Issued also in a middle level ed. 
580 |a Beginning in 2004, one no. a year issued jointly with: Principal leadership (Middle level ed.) , and called: Principal leadership, annual NASSP Convention ed. 
650 0 |a High school principals  |z United States  |v Periodicals. 
650 0 |a High schools  |z United States  |x Administration  |v Periodicals. 
650 6 |a Enseignement secondaire  |z États-Unis  |v Périodiques. 
650 6 |a Écoles secondaires  |z États-Unis  |x Administration  |v Périodiques. 
650 6 |a Enseignement  |x Réforme  |z États-Unis  |v Périodiques. 
650 6 |a Directeurs d'école secondaire  |z États-Unis  |v Périodiques. 
650 7 |a High school principals.  |2 fast  |0 (OCoLC)fst00956144 
650 7 |a High schools  |x Administration.  |2 fast  |0 (OCoLC)fst00956290 
651 7 |a United States.  |2 fast  |0 (OCoLC)fst01204155 
655 0 |a Electronic journals. 
710 2 |a National Association of Secondary School Principals (U.S.) 
775 1 |t Principal leadership (Middle level ed.)  |x 1529-8957  |w (DLC) 00215085  |w (OCoLC)43932836 
780 0 0 |t High school magazine  |x 1070-9533  |w (DLC) 94649610  |w (OCoLC)28521404 
785 0 7 |t Principal leadership (Middle level ed.)  |x 1529-8957  |w (DLC) 00215085  |w (OCoLC)43932836 
785 0 7 |t Principal leadership  |x 2156-2113  |w (DLC) 2009245012  |w (OCoLC)436869124 
850 |a DLC 
853 2 0 |8 1  |a v.  |b no.  |u 9  |v r  |i (year)  |j (month)  |w 9  |x 09  |y om06,07,08 
856 4 0 |z Full text available from Research Library: 01/01/2001 to 06/30/2009  |u https://search.proquest.com/publication/26013 
863 4 0 |8 1.1  |a 1-9  |i 2000-2009